000
00416nam a22001337a 4500
003
SGT
020
_a
9789352669011
082
_a
920
_b
J18A
100
_a
अग्निहोत्री, कुलदीप चंद
245
_a
जम्मू कश्मीर का विस्तृत अध्याय
260
_b
प्रभात प्रकाशन
_c
2018
300
_a
207
942
_2
ddc
_c
BK
999
_c
31983
_d
31983